Minami Manshū nōgyō gaikyō /

Saved in:
Bibliographic Details
Corporate Author: Minami Manshū Tetsudō Kabushiki Kaisha. Chihōka.
Format: Book
Language:Japanese
Published: [Dairen] : Minami Manshū Tetsudō Kabushiki Kaisha Chihōbu Chihōka, 1915.
Series:Sangyō shiryō (Minami Manshū Tetsudō Kabuki Kaisha) ; sono 3.
Subjects:
Tags: Add Tag
No Tags, Be the first to tag this record!
LEADER 01516nam a2200361ui 4500
001 007775286-4
005 20024617121422.0
008 911012s1915 cc ab 000 0 jpn d
010 |a 79790274 /J 
035 0 |a ocm33703010 
040 |a *LWU*  |b jpn  |c *LWU*  |d OCoLC  |d *YNH*  |d CStRLIN 
110 2 |6 880-01  |a Minami Manshū Tetsudō Kabushiki Kaisha.  |b Chihōka. 
245 1 0 |6 880-02  |a Minami Manshū nōgyō gaikyō /  |c Minami Manshū Tetsudō Kabushiki Kaisha Chihōbu. 
260 |6 880-03  |a [Dairen] :  |b Minami Manshū Tetsudō Kabushiki Kaisha Chihōbu Chihōka,  |c 1915. 
300 |a 2, 4, 151 p. :  |b ill., col. maps ;  |c 23 cm. 
490 1 |6 880-04  |a Sangyō shiryō ;  |v sono 3 
500 |6 880-05  |a Hanrei. 
500 |a Cover title. 
500 |6 880-06  |a Orikomizu 2-mai. 
653 |6 880-07  |a Manshū  |a Nōgyō. 
650 0 |a Agriculture  |z China  |z Manchuria. 
880 2 |6 110-01  |a 南滿洲鐵道株式會社.  |b 地方部.  |b 地方課. 
880 1 0 |6 245-02  |a 南滿洲農業槪況 /  |c 南滿洲鐵道株式會社社地方部. 
880 |6 260-03  |a [大連] :  |b 南滿洲鐵道株式會社地方部地方課,  |c 大正4 [1915] 
880 1 |6 490-04  |a 産業資料 ;  |v 其3 
880 |6 500-05  |a 凡例. 
880 |6 500-06  |a 折込圖2枚. 
880 |6 653-07  |a 滿州  |a 農業. 
830 0 |6 880-08  |a Sangyō shiryō (Minami Manshū Tetsudō Kabuki Kaisha) ;  |v sono 3. 
880 0 |6 830-08  |a 産業資料 (Minami Manshū Tetsudō Kabuki Kaisha) ;  |v 其3. 
886 2 |2 jpnmarc  |a 677  |b 612.225 
988 |a 20021220 
906 |0 OCLC